Normal view MARC view

Entry Personal Name

Number of records used in: 1

001 - CONTROL NUMBER

  • control field: 42279

003 - CONTROL NUMBER IDENTIFIER

  • control field: dpl

005 - DATE AND TIME OF LATEST TRANSACTION

  • control field: 20120216124829.0

008 - FIXED-LENGTH DATA ELEMENTS

  • fixed length control field: 120216|||a|||||| | ||| d

040 ## - CATALOGING SOURCE

  • Original cataloging agency: dpl
  • Transcribing agency: dpl

100 ## - HEADING--PERSONAL NAME

  • Personal name: Kipling,Rudyard

670 ## - SOURCE DATA FOUND

  • Source citation: Work cat.: (dpl): Kipling,Rudyard, The phantom rickshaw and other eerie tales /, 2010

670 ## - SOURCE DATA FOUND

  • Source citation: Work cat.: (dpl): Kipling,Rudyard, The phantom rickshaw and other eerie tales /, 2010

© Delhi Public Library
Hit Counter
free hit counter